| 000 | 00644nam a22002057a 4500 | ||
|---|---|---|---|
| 005 | 20130605124608.0 | ||
| 010 | _aENG-107530 | ||
| 020 |
_a9788170947097 _c295.00 |
||
| 020 |
_a817094709x _c295.00 |
||
| 035 | _aEN-91063 | ||
| 037 | _bDBAD/PUB | ||
| 082 | _a332.6 | ||
| 100 | _aKhatlawala, Rajiv D. | ||
| 245 |
_aHow to profit from technical analysis : _cby Rajiv D. Khatlawala _ba beginner's guide / |
||
| 260 |
_aNew Delhi _bVision Books _c2011 |
||
| 270 |
_a24, Feroze Gandhi Road, Lajpat Nagar-III _bNew Delhi _e110024 |
||
| 300 |
_axiii, 184p. _c22cm(pbk) |
||
| 500 | _aIncludes index | ||
| 942 |
_2ddc _cEN _mKHA _h332.6 |
||
| 999 |
_c76426 _d76426 |
||